| 000 | 00558cam a2200181 a 4500 | ||
|---|---|---|---|
| 040 | _cRUA | ||
| 082 | _a363 ROM 2011 C101 Or. | ||
| 100 | 1 | _aMears, Harold C. | |
| 245 | 1 | 0 | _aAquaculture in the Northeast Region of the National Marine Fisheries Service / |
| 300 |
_axi, 31 pages ; _c28 cm. |
||
| 490 | 1 | _aNOAA technical memorandum NMFS-F/NER ; | |
| 500 | _aDistributed to depository libraries in microfiche. | ||
| 500 | _aShipping list no.: 93-0097-M. | ||
| 500 | _a"July 1992." | ||
| 650 | 0 | _aAquaculture | |
| 710 | 1 | _aUnited States. | |
| 942 | _cAEDBB | ||
| 999 |
_c20868 _d20868 |
||